The sustainable forestry handbook : a practical guide for tropical forest managers on implementing new standards

Bibliographic Details
Other Authors: Higman, Sophie
Format: Book
Published: London : Earthscan , 2005.
Edition:2nd ed.
Subjects:

MARC

LEADER 00000cam a2200000 7i4500
001 0000003398
005 20051214.0
020 0 0 |a 1844071189 
090 0 0 |a 634.92   |b SUS 
245 1 0 |a The sustainable forestry handbook :   |b a practical guide for tropical forest managers on implementing new standards   |c Sophie Higman ... [et al.]. 
250 0 0 |a 2nd ed. 
260 0 0 |a London :   |b Earthscan ,   |c 2005. 
300 |a xviii, 332 p. :   |b ill. ;   |c 25 cm. 
500 0 0 |a Previous ed.: 1999. 
650 0 0 |a Forest management. 
650 0 0 |a Sustainable forestry. 
700 1 1 |a Higman, Sophie. 
999 |a 0000006212   |b Monograph   |c Open Shelf   |e Default branch